Economic geography / (Record no. 841)
[ view plain ]
| 000 -LEADER | |
|---|---|
| fixed length control field | 00754nam a2200253 a 4500 |
| 001 - CONTROL NUMBER | |
| control field | 6551 |
| 003 - CONTROL NUMBER IDENTIFIER | |
| control field | BD-DhUAP |
| 005 - DATE AND TIME OF LATEST TRANSACTION | |
| control field | 20200128131315.0 |
| 008 - FIXED-LENGTH DATA ELEMENTS--GENERAL INFORMATION | |
| fixed length control field | 200128r20021988ii a b 001 0 eng d |
| 020 ## - INTERNATIONAL STANDARD BOOK NUMBER | |
| International Standard Book Number | 8120305191 |
| 040 ## - CATALOGING SOURCE | |
| Original cataloging agency | DLC |
| Transcribing agency | DLC |
| Modifying agency | DLC |
| -- | BD-DhUAP |
| 082 00 - DEWEY DECIMAL CLASSIFICATION NUMBER | |
| Classification number | 330.9 HAR |
| Edition number | 23 |
| 100 1# - MAIN ENTRY--PERSONAL NAME | |
| Personal name | Hartshorn, Truman A. |
| 9 (RLIN) | 33553 |
| 245 10 - TITLE STATEMENT | |
| Title | Economic geography / |
| Statement of responsibility, etc. | Truman A. Hartshorn and John W. Alexander. |
| 250 ## - EDITION STATEMENT | |
| Edition statement | 3rd ed. |
| 260 ## - PUBLICATION, DISTRIBUTION, ETC. | |
| Place of publication, distribution, etc. | New Delhi : |
| Name of publisher, distributor, etc. | Prentice Hall, |
| Date of publication, distribution, etc. | c1988 [Reprinted 2002]. |
| 300 ## - PHYSICAL DESCRIPTION | |
| Extent | xiii, 385 pages : |
| Other physical details | illustrations ; |
| Dimensions | 28 cm. |
| 500 ## - GENERAL NOTE | |
| General note | Includes index. |
| 650 #0 - SUBJECT ADDED ENTRY--TOPICAL TERM | |
| Topical term or geographic name entry element | Economic geography. |
| 9 (RLIN) | 33554 |
| 700 1# - ADDED ENTRY--PERSONAL NAME | |
| Personal name | Alexander, John W. |
| 9 (RLIN) | 33555 |
| 942 00 - ADDED ENTRY ELEMENTS (KOHA) | |
| Source of classification or shelving scheme | |
| Koha item type | Book |
| Withdrawn status | Lost status | Source of classification or shelving scheme | Damaged status | Not for loan | Permanent Location | Current Location | Shelving location | Date acquired | Full call number | Barcode | Date last seen | Copy number | Price effective from | Koha item type |
|---|---|---|---|---|---|---|---|---|---|---|---|---|---|---|
| UAP Central Library | DBA Seminar Library | Reserve Stacks | 2021-01-03 | 330.9 HAR | 3010007582 | 2021-01-12 | 16 | 2021-01-03 | Book | |||||
| UAP Central Library | DBA Seminar Library | Reserve Stacks | 2021-01-03 | 330.9 HAR | 3010007585 | 2021-01-12 | 17 | 2021-01-03 | Book | |||||
| UAP Central Library | DBA Seminar Library | Reserve Stacks | 2021-01-03 | 330.9 HAR | 3010007583 | 2021-01-12 | 18 | 2021-01-03 | Book | |||||
| UAP Central Library | DBA Seminar Library | Reserve Stacks | 2021-01-03 | 330.9 HAR | 3010007584 | 2021-01-12 | 18 | 2021-01-03 | Book | |||||
| UAP Central Library | DBA Seminar Library | Reserve Stacks | 2021-01-03 | 330.9 HAR | 3010007586 | 2021-01-12 | 20 | 2021-01-03 | Book | |||||
| UAP Central Library | UAP Central Library | General Stacks | 2020-01-28 | 330.9 HAR | 3010006551 | 2020-01-28 | 1 | 2020-01-28 | Book | |||||
| UAP Central Library | UAP Central Library | General Stacks | 2020-01-28 | 330.9 HAR | 3010003513 | 2020-01-28 | 2 | 2020-01-28 | Book | |||||
| UAP Central Library | UAP Central Library | General Stacks | 2020-01-28 | 330.9 HAR | 3010006554 | 2020-01-28 | 3 | 2020-01-28 | Book | |||||
| UAP Central Library | UAP Central Library | General Stacks | 2020-01-28 | 330.9 HAR | 3010000302 | 2020-01-28 | 4 | 2020-01-28 | Book | |||||
| UAP Central Library | UAP Central Library | General Stacks | 2020-01-28 | 330.9 HAR | 3010006556 | 2020-01-28 | 5 | 2020-01-28 | Book | |||||
| UAP Central Library | UAP Central Library | General Stacks | 2020-01-28 | 330.9 HAR | 3010006550 | 2020-01-28 | 6 | 2020-01-28 | Book | |||||
| UAP Central Library | UAP Central Library | General Stacks | 2020-01-28 | 330.9 HAR | 3010006549 | 2020-01-28 | 7 | 2020-01-28 | Book | |||||
| UAP Central Library | UAP Central Library | General Stacks | 2020-01-28 | 330.9 HAR | 3010004561 | 2020-01-28 | 8 | 2020-01-28 | Book | |||||
| UAP Central Library | UAP Central Library | General Stacks | 2020-01-28 | 330.9 HAR | 3010000299 | 2020-01-28 | 9 | 2020-01-28 | Book | |||||
| UAP Central Library | UAP Central Library | General Stacks | 2020-01-28 | 330.9 HAR | 3010006555 | 2020-01-28 | 10 | 2020-01-28 | Book | |||||
| UAP Central Library | UAP Central Library | General Stacks | 2021-01-03 | 330.9 HAR | 3010006552 | 2021-01-03 | 11 | 2021-01-03 | Book | |||||
| UAP Central Library | UAP Central Library | General Stacks | 2021-01-03 | 330.9 HAR | 3010003510 | 2021-01-03 | 12 | 2021-01-03 | Book | |||||
| UAP Central Library | UAP Central Library | General Stacks | 2021-01-03 | 330.9 HAR | 3010003512 | 2021-01-03 | 13 | 2021-01-03 | Book | |||||
| UAP Central Library | UAP Central Library | General Stacks | 2021-01-03 | 330.9 HAR | 3010006553 | 2021-01-03 | 14 | 2021-01-03 | Book | |||||
| UAP Central Library | UAP Central Library | General Stacks | 2021-01-03 | 330.9 HAR | 3010003511 | 2021-01-03 | 15 | 2021-01-03 | Book | |||||
| UAP Central Library | UAP Central Library | Reserve Stacks | 2021-01-30 | 330.9 HAR | 3010004562 | 2021-01-30 | 16 | 2021-01-30 | Book |
Bengali Keyboard